01749cam a22003735i 4500999001700000001001000017003000900027005001700036008004100053020002200094020002500116040003700141082001900178100003100197245009400228264008300322264001000405300002500415336002600440337002800466338002700494504005100521520030100572650004000873650004700913650004700960650004601007650005301053650005201106653002701158700003201185942001201217952014601229 c27643d27614011975515EG-ScBUE20190923104026.0030506t1995 nju f b 001 0 eng d a0691027757 (pbk.) a9780691027753 (pbk.) aDLCbengerdacDLCdUkdEG-ScBUE04a338.9bHAG2221 aHaggard, Stephan,eauthor.14aThe Political economy of democratic transitions /cStephan Haggard and Robert R. Kaufman. 1aPrinceton, New Jersey ;aChichester, UK :bPrinceton University Press,c[1995] 4cc1995 axiv, 391 p. ;c24 cm atextbtxt2rdacontent aunmediatedbn2rdamedia avolumebnc2rdacarrier aIncludes bibliographical references and index. aSince the 1970s there has been a widespread movement from authoritarian to democratic rule among developing countries, often occuring against a backdrop of severe economic crises and the adoption of market-oriented reforms. This book analyzes this relationship, addressing a variety of questions. 7aDemocracyxEconomic aspects.2BUEsh 7aAuthoritarianismxEconomic aspects.2BUEsh 7aEconomic policyxPolitical aspects.2BUEsh 7aDemocracyxCross-cultural studies.2BUEsh 7aAuthoritarianismxCross-cultural studies.2BUEsh 7aEconomic policyxCross-cultural studies.2BUEsh bMASPPSScSeptember20191 aKaufman, Robert R.eauthor. 2ddccBB 00102ddc40708BaccahaMAINbMAINc1STd2019-09-23ePurchaseg820.00l0o338.9 HAGp000048105r2025-07-15 00:00:00v1025.00w2019-09-23yBB